Saludos europeos - Estadísticas

Estadísticas generales
  • Esta prueba ha sido intentada 3.959 veces
  • La puntuación promedio es 20 de 40
Estadísticas de respuestas
Español Al idioma Traducido % Correcto
Hola Inglés Hello
99%
Por favor Inglés Please
86%
Bienvenido Inglés Welcome
85%
Hola Francés Bonjour / salut
82%
Gracias Inglés Thanks
82%
Adiós Inglés Goodbye
81%
Buenas tardes Inglés Good evening
81%
¿Cómo estás? (formal) Inglés How are you?
81%
Buenos días Inglés Good day
80%
Hola Italiano Ciao / salve
77%
Adiós Italiano Ciao
76%
Buenos días Francés Bonjour
74%
Gracias Francés Merci
63%
De nada Inglés You're welcome
62%
Hasta luego Inglés See you later
58%
Adiós Francés Au revoir
56%
Gracias Italiano Grazie
55%
Buenos días Italiano Buongiorno
51%
Gracias Alemán Danke
48%
Por favor Italiano Per favore
48%
Hola Alemán Hallo
47%
Por favor Francés S'il vous plaît
42%
Bienvenido Francés Bienvenue
40%
Buenas tardes Italiano Buonasera
40%
Bienvenido Italiano Benvenuto
38%
De nada Francés Je vous en prie / de rien
38%
Buenas tardes Francés Bonsoir
32%
Buenos días Alemán Guten Tag
31%
¿Cómo estás? (formal) Francés Comment allez-vous ?
30%
De nada Italiano Prego / di niente
30%
Bienvenido Alemán Willkommen
30%
Por favor Alemán Bitte
26%
De nada Alemán Bitteschön
26%
¿Cómo estás? (formal) Italiano Come sta?
23%
Adiós Alemán Auf Wiedersehen
21%
Hasta luego Francés À plus tard
18%
Hasta luego Italiano Arrivederci
18%
¿Cómo estás? (formal) Alemán Wie geht es Ihnen?
16%
Buenas tardes Alemán Guten Abend
15%
Hasta luego Alemán Bis später
10%
No se encontraron pruebas coincidentes
Distribución de puntuación
Porcentaje de gente con cada puntuación
Porcentaje por número respondido
Historial de tus puntuaciones
No has intentado esta prueba.